Sports Quiz

Random Sports Quiz
Score 0/32 Timer 20:00
0 Plays Today
Année Cheval % Correct
2014 / DriverUp and Quick
90.4%
2015 / DriverUp and Quick
90.4%
2016 / DriverUp and Quick
90.4%
2017 / Driver & EntraîneurBelina Josselyn
88.3%
2018 / Driver & EntraîneurBelina Josselyn
88.3%
2019 / Driver & EntraîneurBelina Josselyn
88.3%
2020 / Driver & EntraîneurBelina Josselyn
88.3%
2019 / EntraîneurDavidson du Pont
87.2%
2020 / EntraîneurDavidson du Pont
87.2%
1999 / DriverMoni Maker
86.2%
2019 / EntraîneurLooking Superb
81.9%
2020 / EntraîneurLooking Superb
81.9%
2004 / Driver & EntraîneurKesaco Phedo
80.9%
2005 / Driver & EntraîneurKesaco Phedo
80.9%
2007 / EntraîneurKesaco Phedo
80.9%
2004 / EntraîneurJardy
63.8%
Année Cheval % Correct
2006 / EntraîneurJardy
63.8%
2007 / EntraîneurJardy
63.8%
2005 / EntraîneurKazire de Guez
61.7%
2006 / Driver & EntraîneurKazire de Guez
61.7%
2007 / Driver & EntraîneurKazire de Guez
61.7%
2010 / DriverRolling d'Heripre
53.2%
2003 / DriverGigant Neo
48.9%
2011 / DriverOasis Gede
45.7%
2008 / DriverExploit Caf
43.6%
2009 / DriverExploit Caf
43.6%
2012 / DriverSave The Quick
40.4%
2000 / Driver & EntraîneurFiesta d'Anjou
39.4%
2001 / Driver & EntraîneurFiesta d'Anjou
39.4%
2013 / Driver & EntraîneurQuoumba de Guez
37.2%
1997 / DriverActivity
27.7%
2002 / Driver & EntraîneurGroom de Bootz
23.4%
Remove Ads.
Support Sporcle.
Get the best of Sporcle when you Go Orange. This ad-free experience offers more features, more stats, and more fun while also helping to support Sporcle. Thank you for becoming a member.

You're not logged in!

Compare scores with friends on all Sporcle quizzes.
OR
Log In

Show Comments

Extras

Top Quizzes Today


Score Distribution

Your Account Isn't Verified!

In order to create a playlist on Sporcle, you need to verify the email address you used during registration. Go to your Sporcle Settings to finish the process.

Report this User

Report this user for behavior that violates our Community Guidelines.

Details: